[Event "Box Hill CC-ch"]
[Site "Box Hill"]
[Date "2005.06.11"]
[Round "2.37"]
[White "Lee, Kam"]
[Black "Yu, Sally"]
[Result "1-0"]
[WhiteElo "1522"]
[BlackElo "1047"]
[PlyCount "97"]
[EventDate "2005.06.11"]
[EventType "swiss"]
[EventRounds "7"]
[EventCountry "AUS"]
[SourceTitle "EXT 2018"]
[Source "ChessBase"]
[SourceDate "2017.10.13"]
[SourceVersion "1"]
[SourceVersionDate "2017.10.13"]
[SourceQuality "1"]

1. c4 e5 2. Nc3 Nc6 3. Nf3 Nf6 4. Qc2 Bc5 5. e3 d6 6. Be2 Nb4 7. Qb3 Bf5 8. 0-0 Nd3 9. Qxb7 Rb8 10. Qa6 Nxb2 11. Bxb2 Rxb2 12. Na4 Bc8 13. Qa5 Bb4 14. Qxa7 Bc5 15. Nxc5 dxc5 16. Qxc5 Qd6 17. Qxe5+ Qxe5 18. Nxe5 Rxd2 19. Bf3 0-0 20. Rfd1 Rfd8 21. Rxd2 Rxd2 22. Rd1 Rxd1+ 23. Bxd1 Be6 24. Bf3 Kf8 25. Kf1 Ke7 26. Ke2 Kd6 27. Nd3 Bxc4 28. a4 Nd7 29. Kd2 Ba6 30. Kc3 Nb6 31. Bd1 Bb7 32. a5 Nc8 33. f3 Ba6 34. e4 Na7 35. e5+ Ke7 36. Ba4 f6 37. Nb4 Bf1 38. Nc6+ Nxc6 39. exf6+ gxf6 40. Bxc6 Ba6 41. Kb4 Kd6 42. Bb5 Bb7 43. a6 Ba8 44. Ka5 c6 45. Bd3 h6 46. Kb6 c5 47. Be4 Bxe4 48. fxe4 c4 49. a7 1-0